000 00460pab a2200145 454500
008 180718b2002 xxu||||| |||| 00| 0 eng d
100 _aBate, S.P.
245 _aKnowledge management and communities of practice in the private sector: lessons for modernizing the national health service in England and wales
260 _c2002
300 _ap.643-63.
650 _aHealth services
700 _aRobert G.
773 _aPublic Administration
909 _a54831
999 _c54831
_d54831